Malacca towards a new horizons

Bibliographic Details
Main Author: HANAFIAH Sudin
Other Authors: Abdullah Sulaiman, Taufik Khalid
Format: Book
Published: Kuala Lumpur : Puncak Awal , 1996
Subjects:

MARC

LEADER 00000cam a2200000 7i4500
001 0000002123
005 20021115.0
020 0 0 |a 983991720X 
090 0 0 |a 959.5118   |b HAN 1996 
100 0 0 |a HANAFIAH Sudin 
245 1 0 |a Malacca towards a new horizons   |c Hanafiah Sudin, Taufik Khalid, Abdullah Sulaiman 
260 0 0 |a Kuala Lumpur :   |b Puncak Awal ,   |c 1996 
300 |a 160 p. :   |b col. ill. ;   |c 30 cm. 
651 0 0 |a Melaka   |x Economic conditions   |x Pictorial works 
651 0 0 |a Melaka   |x Social life and customs   |x Pictorial works 
700 0 1 |a Abdullah Sulaiman 
700 0 1 |a Taufik Khalid 
998 |a JPSM 
999 |a 0000003527   |b Monograph   |c Open Shelf   |e Default branch